[Event "OLNW 2223 SK Nordhorn Blanke - Hamelner"]
[Site "?"]
[Date "2023.05.07"]
[Round "9.7"]
[White "van Son, Lutz"]
[Black "Schulz, Jens"]
[Result "1-0"]
[WhiteElo "2179"]
[BlackElo "2159"]
[PlyCount "97"]
[EventDate "2023.??.??"]

1. e4 e5 2. Nc3 Nf6 3. f4 d5 4. fxe5 Nxe4 5. Qf3 Nxc3 6. dxc3 Be6 7. Bf4 Nd7 8. Qg3 c6 9. Nf3 Qb6 10. O-O-O O-O-O 11. Nd4 Nc5 12. Nxe6 Nxe6 13. Be2 h5 14. Rhf1 Bc5 15. Kb1 Rd7 16. Bd3 g6 17. Bc1 Qc7 18. Rde1 Re8 19. Be3 Bxe3 20. Rxe3 Rde7 21. Rfe1 Nc5 22. a3 Re6 23. Rf1 R8e7 24. Qh3 Nd7 25. Rxf7 Qd8 26. Rf6 Rxf6 27. exf6 Rxe3 28. Qxe3 Qxf6 29. Qe8+ Kc7 30. Qxg6 Qe5 31. g3 Nf6 32. Qf5 Qe1+ 33. Ka2 Ne4 34. Qf1 Qe3 35. Qf7+ Kb6 36. Qxh5 Qc1 37. Bxe4 dxe4 38. Qe5 e3 39. Qd4+ Kc7 40. Qe5+ Kd7 41. Qf5+ Ke7 42. Qg5+ Kd7 43. h4 Qd2 44. h5 Qf2 45. Qg7+ Kd6 46. Qd4+ Kc7 47. h6 Qf7+ 48. c4 Qe7 49. Qg7 1-0

[Event "OLNW 2223 SK Nordhorn Blanke - Hamelner"]
[Site "?"]
[Date "2023.05.07"]
[Round "9.8"]
[White "Bierenbroodspot, Paul"]
[Black "Jacobi, Felix-Hagen"]
[Result "1-0"]
[WhiteElo "2106"]
[BlackElo "2088"]
[PlyCount "93"]
[EventDate "2023.??.??"]

1. a3 e5 2. d4 exd4 3. Nf3 Bc5 4. Nxd4 Bxd4 5. Qxd4 Qf6 6. Qxf6 Nxf6 7. Nc3 h6 8. Bf4 d6 9. e4 O-O 10. O-O-O a6 11. f3 Nc6 12. g4 Be6 13. h4 Nd7 14. Be2 f6 15. Be3 Kf7 16. f4 Ke7 17. Nd5+ Bxd5 18. exd5 Nd8 19. Bd3 Nf7 20. h5 Rae8 21. Rhe1 Kd8 22. b4 Re7 23. Bf2 Rfe8 24. Kd2 Rxe1 25. Rxe1 Rxe1 26. Kxe1 Ke7 27. Ke2 Nh8 28. Bf5 Nf7 29. Be4 Nd8 30. c4 c5 31. dxc6 bxc6 32. a4 Ke6 33. Kd3 d5 34. Bg2 Kd6 35. c5+ Ke7 36. Kc3 Ne6 37. f5 Nc7 38. Kd4 a5 39. Bg3 Na6 40. Bd6+ Kd8 41. b5 cxb5 42. axb5 Nb4 43. Bxd5 a4 44. c6 Nxd5 45. Kxd5 Nb6+ 46. Kd4 Nc8 47. Bc5 1-0

[Event "OLNW 2223 SV Werder Bremen III - SK Rick"]
[Site "?"]
[Date "2023.05.07"]
[Round "9.1"]
[White "Ackermann, Dennie"]
[Black "Lichmann, Peter"]
[Result "0-1"]
[WhiteElo "2098"]
[BlackElo "2318"]
[PlyCount "74"]
[EventDate "2023.??.??"]

1. c4 Nf6 2. d4 c5 3. e3 Nc6 4. Nf3 cxd4 5. exd4 d5 6. Nc3 Bg4 7. cxd5 Nxd5 8. Bc4 e6 9. Be3 Bb4 10. Rc1 O-O 11. O-O Rc8 12. Bd3 h6 13. h3 Bh5 14. g4 Bg6 15. Bxg6 fxg6 16. Qe2 g5 17. Bxg5 Qd7 18. Bd2 Nf4 19. Bxf4 Rxf4 20. Qe3 Rcf8 21. Nh4 Rxd4 22. Rce1 e5 23. Ng6 Re8 24. f4 e4 25. Qg3 Qd6 26. Nh4 Rd3 27. Qg2 Qd4+ 28. Kh1 Bxc3 29. bxc3 Qxc3 30. Kh2 Rd2 31. Re2 Red8 32. Rfe1 e3 33. Qe4 Nd4 34. Rxd2 Qxd2+ 35. Ng2 Nc2 36. Rb1 e2 37. Kg3 Qd3+ 0-1

[Event "OLNW 2223 SV Werder Bremen III - SK Rick"]
[Site "?"]
[Date "2023.05.07"]
[Round "9.2"]
[White "Kardoeus, David"]
[Black "Spiess, Thomas"]
[Result "1-0"]
[WhiteElo "2158"]
[BlackElo "2004"]
[PlyCount "143"]
[EventDate "2023.??.??"]

1. d4 d5 2. c4 c6 3. Nc3 Nf6 4. Nf3 e6 5. e3 Nbd7 6. Be2 Bd6 7. O-O O-O 8. a4 h6 9. a5 a6 10. Qc2 Bc7 11. b4 Qe7 12. b5 axb5 13. cxb5 Rxa5 14. Ra4 Re8 15. Ba3 Qd8 16. Bb4 Rxa4 17. Nxa4 Nb8 18. Rc1 Ba5 19. Bc5 cxb5 20. Bxb5 Bd7 21. Qb3 Nc6 22. Ne5 Bc7 23. f4 Ne4 24. Bd3 Nxe5 25. Bxe4 Bxa4 26. Qxa4 Nc4 27. Rxc4 b6 28. Ba3 dxc4 29. Bc6 Re7 30. Bxe7 Qxe7 31. Qxc4 Qd6 32. Be4 g6 33. Kf2 Kg7 34. Ke2 Bd8 35. d5 f5 36. Bf3 e5 37. fxe5 Qxe5 38. Kd3 Bg5 39. Qd4 Bf6 40. Qxb6 Qc3+ 41. Ke2 Qc4+ 42. Kf2 Qh4+ 43. Kf1 Qc4+ 44. Kg1 Qc1+ 45. Kf2 Qd2+ 46. Kf1 Qd3+ 47. Ke1 Bc3+ 48. Kf2 Qd2+ 49. Be2 Qe1+ 50. Kf3 g5 51. Qb7+ Kg6 52. Qc6+ Bf6 53. Qe8+ Kg7 54. Qd7+ Kg6 55. h3 h5 56. g4 hxg4+ 57. hxg4 Qh1+ 58. Kf2 Qh2+ 59. Ke1 Bc3+ 60. Kd1 fxg4 61. Bd3+ Kf6 62. Qc6+ Ke7 63. Qxc3 g3 64. Qc7+ Kf6 65. Qd6+ Kf7 66. Qg6+ Kf8 67. Qf6+ Kg8 68. Qxg5+ Kf7 69. Bg6+ Kf8 70. Qf6+ Kg8 71. Qf7+ Kh8 72. Qf8# 1-0

[Event "OLNW 2223 SV Werder Bremen III - SK Rick"]
[Site "?"]
[Date "2023.05.07"]
[Round "9.3"]
[White "Schmidt, Benjamin"]
[Black "Efimenko, Maria"]
[Result "0-1"]
[WhiteElo "1873"]
[BlackElo "2217"]
[PlyCount "82"]
[EventDate "2023.??.??"]

1. d4 d6 2. e4 g6 3. c4 Nf6 4. Nc3 Bg7 5. h3 O-O 6. Be3 Nbd7 7. Nf3 e5 8. d5 a5 9. g4 Nc5 10. Nd2 c6 11. Be2 Bd7 12. h4 cxd5 13. cxd5 a4 14. g5 Ne8 15. b4 axb3 16. axb3 Rc8 17. Qb1 f5 18. f3 fxe4 19. fxe4 Na6 20. Nc4 Nb4 21. Kd2 Rb8 22. Nb6 Nc7 23. Qg1 Nca6 24. h5 Be8 25. h6 Bh8 26. Nca4 Rf4 27. Qg2 Qe7 28. Rhc1 Nc7 29. Nc3 Nba6 30. Rab1 Nc5 31. b4 Nd7 32. Ra1 Nxb6 33. Bxb6 Na6 34. Rab1 Bd7 35. Nb5 Ra8 36. Nc7 Nxc7 37. Rxc7 Ra2+ 38. Rc2 Rxc2+ 39. Kxc2 Rxe4 40. Ra1 Rf4 41. Ra8+ Rf8 0-1

[Event "OLNW 2223 SV Werder Bremen III - SK Rick"]
[Site "?"]
[Date "2023.05.07"]
[Round "9.4"]
[White "Bach, Matthias"]
[Black "Koelle, Arthur"]
[Result "0-1"]
[WhiteElo "2226"]
[BlackElo "2176"]
[PlyCount "60"]
[EventDate "2023.??.??"]

1. d4 d5 2. c4 e6 3. Nc3 Nf6 4. Nf3 Be7 5. g3 O-O 6. Bg2 c6 7. O-O b6 8. Qd3 Ba6 9. b3 Qc8 10. e4 dxc4 11. bxc4 b5 12. Qc2 bxc4 13. Bg5 h6 14. e5 hxg5 15. Nxg5 Nbd7 16. Rfe1 Rb8 17. Bh3 Qe8 18. d5 cxd5 19. Nxd5 exd5 20. Bxd7 Rb2 21. Qxb2 Nxd7 22. h4 Bxg5 23. hxg5 Nc5 24. Qd4 Qc6 25. Qh4 Ne6 26. f3 d4 27. Kg2 Rb8 28. Rh1 Rb2+ 29. Kg1 Kf8 30. g6 Qxf3 0-1

[Event "OLNW 2223 SV Werder Bremen III - SK Rick"]
[Site "?"]
[Date "2023.05.07"]
[Round "9.5"]
[White "Herrmann, Andreas"]
[Black "Buchal, Stephan"]
[Result "0-1"]
[WhiteElo "2008"]
[BlackElo "2206"]
[PlyCount "72"]
[EventDate "2023.??.??"]

1. d4 g6 2. Nf3 Bg7 3. c3 d6 4. Bf4 Nd7 5. Nbd2 e5 6. dxe5 dxe5 7. Bg3 Qe7 8. e4 Ngf6 9. Qc2 O-O 10. Be2 b6 11. O-O Bb7 12. Rfe1 a5 13. a4 Nh5 14. Bh4 Bf6 15. Bxf6 Nhxf6 16. Bb5 Rad8 17. Rab1 Nc5 18. b4 axb4 19. cxb4 Ne6 20. a5 Nd4 21. Nxd4 Rxd4 22. a6 Ba8 23. Bc6 Bxc6 24. Qxc6 Rxd2 25. Rec1 Ng4 26. h3 Qh4 27. Rf1 Nxf2 28. Rb3 Qxe4 29. Qxe4 Nxe4 30. Rc1 Ra2 31. Re3 Nd6 32. Rxc7 Rxa6 33. Rc6 Ra1+ 34. Kh2 Rd1 35. Rxe5 b5 36. Re7 Rd8 0-1

[Event "OLNW 2223 SV Werder Bremen III - SK Rick"]
[Site "?"]
[Date "2023.05.07"]
[Round "9.6"]
[White "Steffens, Olaf"]
[Black "Witthaus, Joerg"]
[Result "1/2-1/2"]
[WhiteElo "2112"]
[BlackElo "2015"]
[PlyCount "171"]
[EventDate "2023.??.??"]

1. d3 d5 2. f4 g6 3. Nf3 Bg7 4. c3 c5 5. Qc2 Nc6 6. e4 e6 7. a3 Nge7 8. b4 b6 9. b5 Na5 10. Nbd2 Qc7 11. g3 Bb7 12. Be2 c4 13. d4 dxe4 14. Ne5 e3 15. Ndf3 f6 16. Ng4 Nb3 17. Rb1 Nxc1 18. Qxc1 Nf5 19. Nxe3 O-O 20. O-O Nxe3 21. Qxe3 Rfe8 22. Rfe1 Rac8 23. Nd2 Bd5 24. Bf3 Qd7 25. a4 Kf7 26. Ne4 Rcd8 27. Rb2 h6 28. Rbe2 Kg8 29. Qf2 e5 30. dxe5 fxe5 31. Rd2 Qc7 32. Rxd5 Rxd5 33. Nf6+ Bxf6 34. Bxd5+ Kg7 35. Bc6 Re7 36. f5 Qd6 37. fxg6 e4 38. Rxe4 Kxg6 39. Kg2 Kg7 40. Rg4+ Kf7 41. Qf5 Qd2+ 42. Kh3 Re2 43. Qh7+ Ke6 44. Qg8+ Kd6 45. Qb8+ Ke6 46. Qe8+ Kd6 47. Qb8+ Ke6 48. Qc8+ Kd6 49. Bg2 Ke7 50. Qxc4 h5 51. Qc7+ Qd7 52. Qxd7+ Kxd7 53. Re4 Rd2 54. Bf3 h4 55. gxh4 Rd3 56. Kg4 Rxc3 57. h5 Rc5 58. h4 Re5 59. Rxe5 Bxe5 60. Kf5 Bd4 61. Kg6 Ke7 62. h6 Kf8 63. h5 Kg8 64. Bd5+ Kh8 65. h7 Bc5 66. Bg8 Bd4 67. Kf5 Bc5 68. Ke6 Bf2 69. Kd7 Be3 70. Kc6 Bf2 71. Kb7 Be3 72. Kxa7 Bf2 73. Ka6 Be3 74. a5 bxa5 75. Kxa5 Bf2 76. Ka6 Be3 77. Kb7 Bf2 78. Kc7 Bg3+ 79. Kd7 Bf2 80. Ke6 Be3 81. Kf6 Bd4+ 82. Kg6 Be3 83. Bd5 Bd4 84. Be4 Be3 85. Bf5 Bd4 86. Bd3 1/2-1/2

[Event "OLNW 2223 SV Werder Bremen III - SK Rick"]
[Site "?"]
[Date "2023.05.07"]
[Round "9.7"]
[White "Ploog, Martin"]
[Black "Heldt, Nils-Lennart"]
[Result "0-1"]
[WhiteElo "2036"]
[BlackElo "2145"]
[PlyCount "56"]
[EventDate "2023.??.??"]

1. e4 c5 2. Nc3 Nc6 3. Bb5 g6 4. Bxc6 dxc6 5. d3 Bg7 6. f4 c4 7. Be3 cxd3 8. cxd3 Nf6 9. h3 O-O 10. Nf3 b6 11. Qd2 c5 12. O-O Bb7 13. Rad1 Qc8 14. f5 Rd8 15. fxg6 hxg6 16. Bh6 Bxe4 17. Bxg7 Kxg7 18. Nxe4 Nxe4 19. Qe3 Nf6 20. Nh4 Qd7 21. Nf5+ gxf5 22. Qg5+ Kh8 23. Rxf5 Nh7 24. Qh5 f6 25. Re1 Rg8 26. Re4 Rg5 27. Rxg5 fxg5 28. Qf7 Rf8 0-1

[Event "OLNW 2223 SV Werder Bremen III - SK Rick"]
[Site "?"]
[Date "2023.05.07"]
[Round "9.8"]
[White "Franke, Reiner"]
[Black "Traulsen, Timo"]
[Result "1-0"]
[WhiteElo "2193"]
[BlackElo "1695"]
[PlyCount "61"]
[EventDate "2023.??.??"]

1. c4 Nf6 2. Nf3 e6 3. g3 b6 4. Bg2 Bb7 5. O-O c5 6. Nc3 Be7 7. d4 cxd4 8. Qxd4 d6 9. b3 O-O 10. e4 Nbd7 11. Qe3 Nc5 12. Nd4 d5 13. exd5 exd5 14. Nf5 Bd6 15. Rd1 Re8 16. Qg5 g6 17. Nxd6 Qxd6 18. Bf4 Qe7 19. cxd5 Nce4 20. Nxe4 Nxe4 21. Qxe7 Rxe7 22. Rac1 Rd8 23. Bxe4 Rxe4 24. d6 Rd7 25. Rc7 Ree7 26. Rxb7 Rxb7 27. dxe7 Rxe7 28. Bg5 Re6 29. Bh6 f6 30. Rd8+ Kf7 31. Rd7+ 1-0